PRACTICAL PHARMACEUTICAL CHEMISTRY -2 (Record no. 9637)

MARC details
000 -LEADER
fixed length control field 00351nam a22001577a 4500
003 - CONTROL NUMBER IDENTIFIER
control field SGT
020 ## - INTERNATIONAL STANDARD BOOK NUMBER
International Standard Book Number 81-239-0514-9
082 ## - DEWEY DECIMAL CLASSIFICATION NUMBER
Classification number 615.190
Item number P07B
100 ## - MAIN ENTRY--PERSONAL NAME
Personal name BECKETT, A.H, ED
245 ## - TITLE STATEMENT
Title PRACTICAL PHARMACEUTICAL CHEMISTRY -2
250 ## - EDITION STATEMENT
Edition statement 4TH
260 ## - PUBLICATION, DISTRIBUTION, ETC. (IMPRINT)
Place of publication, distribution, etc NEW DELHI
Name of publisher, distributor, etc CBS. PUB
Year of Publication 2007
300 ## - PAGE DESCRIPTION
No. of Pages 602
650 ## - SUBJECT ADDED ENTRY--TOPICAL TERM
Topical term or geographic name as entry element CHEMISTRY
942 ## - ADDED ENTRY ELEMENTS (KOHA)
Source of classification or shelving scheme Dewey Decimal Classification
Koha item type Books
942 ## - ADDED ENTRY ELEMENTS (KOHA)
-- 8
Holdings
Withdrawn status Lost status Source of classification or shelving scheme Damaged status Not for loan Collection code Home library Current library Shelving location Date acquired Vendor Name Cost, normal purchase price SGTU Bill Number Total Checkouts Full call number Accession No. (Barcode) Date last seen Date last borrowed Bill Date Koha item type
    Dewey Decimal Classification     PHARMACY SGT FA-FP Library SGT FA-FP Library Text Book 25/07/2016 UNIVERSAL BOOK 845.00 SGTU 156 4 615.190 P07B FP1987 06/11/2025 26/08/2025 15/07/2016 Books
    Dewey Decimal Classification     PHARMACY SGT FA-FP Library SGT FA-FP Library Reference Book 25/07/2016 UNIVERSAL BOOK 845.00 SGTU 156   615.190 P07B FP1988 25/07/2016   15/07/2016 Books
    Dewey Decimal Classification     PHARMACY SGT FA-FP Library SGT FA-FP Library Text Book 25/07/2016 UNIVERSAL BOOK 845.00 SGTU 156 2 615.190 P07B FP1989 09/03/2023 22/02/2023 15/07/2016 Books
    Dewey Decimal Classification     PHARMACY SGT FA-FP Library SGT FA-FP Library Text Book 25/07/2016 UNIVERSAL BOOK 845.00 SGTU 156 4 615.190 P07B FP1990 14/12/2023 13/12/2023 15/07/2016 Books